000 00388nam a2200145Ia 4500
008 230917s9999||||xx |||||||||||||| ||und||
040 _e195177
_aMAIN
041 _aEnglish
082 _a658.3 M528H
100 _aMenon, P K S
245 0 _aHuman resource managment and organisational behaviour
260 _aMumbai
_bHimalaya Publishing House
_c2005
300 _a264 p.
942 _cBK
999 _c164833
_d164833